Genetic algorithms : (Record no. 181057)
[ view plain ]
| 000 -LEADER | |
|---|---|
| fixed length control field | 01304 a2200265 4500 |
| 003 - CONTROL NUMBER IDENTIFIER | |
| control field | NUST |
| 005 - DATE AND TIME OF LATEST TRANSACTION | |
| control field | 20221122123639.0 |
| 010 ## - LIBRARY OF CONGRESS CONTROL NUMBER | |
| LC control number | 93011984 |
| 020 ## - INTERNATIONAL STANDARD BOOK NUMBER | |
| International Standard Book Number | 0471576794 |
| 040 ## - CATALOGING SOURCE | |
| Transcribing agency | Nust |
| 082 00 - DEWEY DECIMAL CLASSIFICATION NUMBER | |
| Classification number | 519,MAZ |
| 100 1# - MAIN ENTRY--PERSONAL NAME | |
| Personal name | Mazumder,Pinaki |
| 9 (RLIN) | 96432 |
| 245 10 - TITLE STATEMENT | |
| Title | Genetic algorithms : |
| Remainder of title | For VLSI design Layout & Test Automation / |
| Statement of responsibility, etc. | Pinaki Mazumder |
| 260 ## - PUBLICATION, DISTRIBUTION, ETC. | |
| Place of publication, distribution, etc. | India |
| Name of publisher, distributor, etc. | Pearson Education, |
| Date of publication, distribution, etc. | 1999. |
| 300 ## - PHYSICAL DESCRIPTION | |
| Extent | ix, 338 p. : |
| Other physical details | ill. ; |
| Dimensions | 24 cm. |
| 440 #0 - SERIES STATEMENT/ADDED ENTRY--TITLE | |
| Title | Wiley finance editions |
| 9 (RLIN) | 103332 |
| 505 ## - FORMATTED CONTENTS NOTE | |
| Formatted contents note | Introduction (Page-1), Partitioning (Page-37), Standard cell and macro cell placement (Page-69), Macro cell routing (Page-107), FPGA technology mapping (Page-140), Automatic test generation (Page-158), Peak power estimation (Page-227), Parallel implementations (Page-252), Conclusion (Page-295), Glossary (Page-305). |
| 650 #0 - SUBJECT ADDED ENTRY--TOPICAL TERM | |
| Topical term or geographic name entry element | Genetic algorithms. |
| 650 #0 - SUBJECT ADDED ENTRY--TOPICAL TERM | |
| Topical term or geographic name entry element | Investment analysis |
| General subdivision | Mathematical models. |
| 9 (RLIN) | 103333 |
| 650 #0 - SUBJECT ADDED ENTRY--TOPICAL TERM | |
| Topical term or geographic name entry element | Investments |
| General subdivision | Mathematical models. |
| 9 (RLIN) | 103334 |
| 856 42 - ELECTRONIC LOCATION AND ACCESS | |
| Materials specified | Contributor biographical information |
| Uniform Resource Identifier | <a href="http://www.loc.gov/catdir/bios/wiley044/93011984.html">http://www.loc.gov/catdir/bios/wiley044/93011984.html</a> |
| 856 42 - ELECTRONIC LOCATION AND ACCESS | |
| Materials specified | Publisher description |
| Uniform Resource Identifier | <a href="http://www.loc.gov/catdir/description/wiley037/93011984.html">http://www.loc.gov/catdir/description/wiley037/93011984.html</a> |
| 856 42 - ELECTRONIC LOCATION AND ACCESS | |
| Materials specified | Table of Contents |
| Uniform Resource Identifier | <a href="http://www.loc.gov/catdir/toc/onix03/93011984.html">http://www.loc.gov/catdir/toc/onix03/93011984.html</a> |
| 942 ## - ADDED ENTRY ELEMENTS (KOHA) | |
| Source of classification or shelving scheme | |
| Koha item type | Book |
| Call number prefix | 519,MAZ |
| Withdrawn status | Lost status | Source of classification or shelving scheme | Damaged status | Not for loan | Permanent Location | Current Location | Shelving location | Date acquired | Full call number | Barcode | Date last seen | Price effective from | Koha item type | Public note |
|---|---|---|---|---|---|---|---|---|---|---|---|---|---|---|
| Military College of Signals (MCS) | Military College of Signals (MCS) | General Stacks | 12/12/2016 | 519,MAZ | MCS30783 | 12/08/2016 | 12/12/2016 | Book | Almirah No.14, Shelf No.2 |
